000 00888nam a22002297a 4500
003 OSt
005 20250828062518.0
008 241009b |||||||| |||| 00| 0 eng d
040 _c0
082 _aDPer 613.705 J826 January-December 2020 v. 91 n. 1-9
100 _aParkes, Craig.
_eauthor.
_962642
245 _aDual-Pathway PETE/PHETE majors :
_bthe future of our profession? /
_cCraig Parkes and Alison Weimer.
260 _aVirginia ;
_bAmerican Alliance for Health ,
_cAugust 2020.
300 _aVolume 91, pages 21-29 :
_billustration ;
_c28 cm.
500 _aThe Journal of Physical Education Recreation & Dance, vol. 91, no. 6, pages 21-29, August 2020.
650 0 _aHigher education.
_92448
650 0 _aPhysical education.
_950439
650 0 _aHealth.
_930358
700 _aParkes, Craig.
_eauthor.
_962642
700 _aWeimer, Alison.
_eauthor.
_966956
942 _2ddc
_cPER
999 _c22405
_d22405